MARC

LEADER 00000nam0a2200000 4500
001 275077
005 20231101234805.0
020 |a RU  |b 85-107573 
035 |a (RuTPU)RU\TPU\book\298308 
090 |a 275077 
100 |a 20141111d1985 k y0rusy5003 ca 
101 0 |a rus 
102 |a RU 
105 |a a z 000zb 
200 1 |a Иоганнес Дидерик Ван-дер-Ваальс, 1837-1923  |f А. Я. Кипнис, Б. Е. Явелов  |g Академия наук СССР (АН СССР) ; под ред. Ю. И. Соловьева 
210 |a Ленинград  |c Наука  |d 1985 
215 |a 309 с.  |c ил. 
225 1 |a Научно-биографическая серия 
600 1 |a Ван дер Ваальс  |b Й. Д.  |c нидерландский физик  |f 1837-1923  |g Йоханнес Дидерик  |2 stltpush  |3 (RuTPU)RU\TPU\pers\15575  |9 5387 
606 1 |a Физики  |x Персоналии  |2 stltpush  |3 (RuTPU)RU\TPU\subj\67452  |9 83245 
610 1 |a физическая наука 
610 1 |a Нидерланды 
610 1 |a история 
610 1 |a 19 век 
610 1 |a 20 век 
610 1 |a молекулярная физика 
675 |a 53(092)  |z rus  |v 4 
700 1 |a Кипнис  |b А. Я.  |g Александр Яковлевич  |4 070 
701 1 |a Явелов  |b Б. Е.  |g Борис Ефимович  |4 070 
702 1 |a Соловьев  |b Ю. И.  |4 340 
712 0 2 |a Академия наук СССР (АН СССР)  |c (1925-1991)  |2 stltpush  |3 (RuTPU)RU\TPU\col\722 
801 0 |a RU  |b RuMRKP  |c 19950704  |g psbo 
801 1 |a RU  |b 63413507  |c 20141111 
801 2 |a RU  |b 63413507  |c 20170328  |g RCR 
942 |c BK